Presunciones legales en la determinación impositiva (Registro nro. 27662)

Detalles MARC
000 -LEADER
fixed length control field 00336 a2200109 4500
001 - CONTROL NUMBER
control field ART_19059
005 - DATE AND TIME OF LATEST TRANSACTION
control field 20260410161920.0
008 - FIXED-LENGTH DATA ELEMENTS--GENERAL INFORMATION
fixed length control field 260409a
100 1# - MAIN ENTRY--PERSONAL NAME
Personal name Jarach, Dino
245 10 - TITLE STATEMENT
Title Presunciones legales en la determinación impositiva
773 0# - HOST ITEM ENTRY
Title La información
Related parts - Tomo XXXVIII, Nº 588 (dic. 1978)
Record control number REV14902

No hay ítems disponibles.